Growth of a union ; the life and times of Edward Flore /

Bibliographic Details
Main Author: Rubin, Jay
Other Authors: Obermeier, Michael J., 1892-
Format: Book
Language:English
Published: New York : The Historical Union Association, inc., 1943.
Subjects:

MARC

Tag First Indicator Second Indicator Subfields
LEADER 00000cam a2200000 4500
001 in00000064560
005 20151007083320.0
008 720915s1943 nyu 00000 eng u
010 |a  44005782  
035 |a (OCoLC)00407377 
035 |9 AAF9183AM 
040 |c CSU  |d TXA  |d UtOrBLW 
049 |a TXAM  |c [177960] 
050 0 |a HD6515.H9  |b R8 
092 |a 331.8811647  |b R896g 
100 1 |a Rubin, Jay. 
245 1 0 |a Growth of a union ;  |b the life and times of Edward Flore /  |c by Jay Rubin and M. J. Obermeier. 
264 1 |a New York :  |b The Historical Union Association, inc.,  |c 1943. 
300 |a xv,320p :  |b illustrations(incl.ports.,facsimiles) ;  |c 24cm. 
336 |a text  |b txt  |2 rdacontent 
337 |a unmediated  |b n  |2 rdamedia 
338 |a volume  |b nc  |2 rdacarrier 
600 1 0 |a Flore, Edward Frank,  |d 1877- 
610 2 0 |a Hotel and Restaurant Employees' International Alliance and Bartenders' International League of America. 
700 1 |a Obermeier, Michael J.,  |d 1892- 
999 |a MARS 
999 f f |s ffebf257-dbf4-3ad1-95bc-77d75f558477  |i 18c1f6b1-5e7d-3e8a-9062-1519a0301fc5  |t 0 
952 f f |p ric  |a Texas A&M University  |b Rellis Campus  |c Joint Library Facility  |d Remote Storage  |t 0  |e HD6515.H9 R8  |h Library of Congress classification  |i unmediated -- volume  |m A14800724994 
998 f f |a HD6515.H9 R8  |t 0  |l Remote Storage